Historia de la locura en la época clásica

Saved in:
Bibliographic Details
Main Author: Foucault, Michel (autor)
Format: Book
Published: Buenos Aires, Argentina: Fondo de Cultura Económica, 2021.
Edition:Tercera edición.
Series:Breviarios del Fondo de Cultura Económica,
Subjects:
Tags: Add Tag
No Tags, Be the first to tag this record!

MARC

LEADER 00000cam a2200000 a 4500
001 UCT7253
003 CL-VaPUC
005 20241127104741.0
008 230315t2021 ||||| |||| 00| 0 eng d
999 |c 440157  |d 440155 
020 |a 978-987-719-182-0 v.I 
020 |a 978-987-719-181-3 v.II 
040 |c Pontificia Universidad Católica de Valparaíso 
082 0 4 |a 616.89 FOU 2021  |2 21 
100 |a Foucault, Michel  |e autor  |9 257945 
245 1 0 |a Historia de la locura en la época clásica 
250 |a Tercera edición. 
260 |a Buenos Aires, Argentina:  |b Fondo de Cultura Económica,  |c 2021. 
300 |a 2 volúmenes. 
490 0 |a Breviarios del Fondo de Cultura Económica,   |n  191. 
583 |a last modification  |c 20160520 09:32:19  |k GC 
650 0 |a Enfermedades mentales   |x Historia   |y Siglos 15-17  |9 310204 
650 0 |a Neurosis  |9 312889 
650 0 |a Psiquiatría  |9 308427  |x Historia 
942 |c BK  |2 ddc 
952 |0 0  |1 0  |2 ddc  |4 0  |6 616_890000000000000_FOU_2021  |7 0  |8 A  |9 589076  |a BIBART  |b BIBART  |c GEN  |d 2023-03-15  |e 11  |g 10499.97  |h v.II  |i 5656652  |o 616.89 FOU 2021  |p 5656652  |r 2025-03-13  |t 1  |v 10499.97  |w 2023-03-15  |y BK  |k ART 
952 |0 0  |1 0  |2 ddc  |4 0  |6 616_890000000000000_FOU_2021  |7 0  |8 A  |9 589077  |a BIBART  |b BIBART  |c GEN  |d 2023-03-15  |e 11  |g 10499.97  |h v.I  |i 5656651  |l 2  |m 3  |o 616.89 FOU 2021  |p 5656651  |r 2025-03-13  |s 2023-05-12  |t 1  |v 10499.97  |w 2023-03-15  |y BK  |k ART